000 00729nam a22002417a 4500
005 20170124105952.0
010 _aA-371845
020 _c00.00
035 _aA-371845
037 _bCen Lib/Ret
040 _aDPL
_bEN
082 _a332
_bGHO
100 _aGhosh, B.N.
_910809
245 _aFundamentals of monetary economics /
_cby B.N. Ghosh [and] Rama Ghosh
260 _aBombay
_bHimalaya Publishing House
_c1989
270 _bBombay
_e400004
_abhalerao marg, girgaon
300 _ax, 596p. :
_c20cm(Hb)
500 _aIncludes bibliographical references
650 _aEconomics
_979410
650 _aMonetary economics
_z
_913697
700 _aGhosh, Rama
_913698
942 _2ddc
_cEN
_h332
_mGHO
999 _c125319
_d125319